Pumping iron : the art and sport of bodybuilding /

Saved in:
Bibliographic Details
Main Author: Gaines, Charles.
Other Authors: Butler, George, 1944-
Format: Book
Language:English
Published: London : Sphere, 1977.
Subjects:
Tags: Add Tag
No Tags, Be the first to tag this record!
LEADER 01165cam a2200385 4500
001 014209010-7
005 20141208134103.0
008 780217r19771974enkac 000 0 eng
015 |a GB78-7010 
015 |a B7807010 
020 |a 0722137885 (pbk) 
020 |a 9780722137888 (pbk) 
035 0 |a ocm16419496 
040 |a UKM  |b eng  |c UKM  |d NZROD  |d OCLCG  |d AU@  |d OCLCA  |d OCLCF  |d NLE 
050 1 4 |a GV546 
082 0 0 |a 796.4/1  |2 19 
082 4 |a 646.75  |2 20 
100 1 |a Gaines, Charles. 
245 1 0 |a Pumping iron :  |b the art and sport of bodybuilding /  |c written by Charles Gaines ; photographs by George Butler. 
260 |a London :  |b Sphere,  |c 1977. 
300 |a 221 p. :  |b ill., ports. ;  |c 28 cm. 
336 |a text  |b txt  |2 rdacontent 
337 |a unmediated  |b n  |2 rdamedia 
338 |a volume  |b nc  |2 rdacarrier 
500 |a Originally published: New York : Simon and Schuster, 1974. 
650 0 |a Bodybuilding. 
650 0 |a Strong men. 
650 7 |a Bodybuilding.  |2 fast 
650 7 |a Strong men.  |2 fast 
653 |a Sports: Bodybuilding 
700 1 |a Butler, George,  |d 1944- 
899 |a 415_565394 
988 |a 20141015 
049 |a HLSS 
906 |0 OCLC